Vista normal Vista MARC

Entrada Topical Term

Número de registros utilizados en: 1

001 - CONTROL NUMBER

  • control field: 61160

003 - CONTROL NUMBER IDENTIFIER

  • control field: OSt

005 - DATE AND TIME OF LATEST TRANSACTION

  • control field: 20250717101544.0

008 - FIXED-LENGTH DATA ELEMENTS

  • fixed length control field: 250717|| aca||aabn | a|a d

040 ## - CATALOGING SOURCE

  • Original cataloging agency: OSt
  • Transcribing agency: OSt

150 ## - HEADING--TOPICAL TERM

  • Topical term or geographic name entry element: Proyectos de investigación

670 ## - SOURCE DATA FOUND

  • Source citation: Work cat.: (OSt)57632: Tamayo y Tamayo, Mario, 1941- aut 61158, El proceso de la investigación científica :









Instituto Departamental de Cultura del Meta - Red Departamental de Bibliotecas Públicas del Meta.